000 02294cam a22004814i 4500
003 PE-LiUPU
005 20250731172956.0
008 150623s1977 xxu rb 000 0 eng d
035 _a(Sirsi) a21679
040 _aPE-LiUPU
_bspa
_cPE-LiUPU
_erda
082 0 4 _a231.765
_bC59
_221
100 1 _aClark, Harold Willard,
_d1891-1986,
_eautor.
245 1 4 _aThe battle over Génesis /
_cHarold W. Clark.
264 1 _aWashington :
_bReview and Herald Publishing Association,
_c1977.
300 _a235 páginas ;
_c21.5 centímetros
336 _atext
_2rdacontent
337 _aunmediated
_2rdamedia
338 _avolume
_2rdacarrier
504 _aIncluye bibliografía.
505 0 _aBeginnings of science -- Ancient creation myths -- Christianity invaded by paganism -- Dark days of mysticism -- The birth of modern science -- The Golden age of creationism -- The Older diluvialism -- Geologists chalenge creatinism -- The battle over Darwin -- Creatinist detours -- Crusaders for creation -- The modern synthesis -- How old is the earth -- Searching for ancestors -- Shock waves in anthropology -- Challenges to evolution -- Problems of interpretation -- In review.
526 _aSEG42
526 _aSEG41
526 _aSEG40
526 _aSEG39
526 _aP94
526 _aP87
526 _aP86
526 _aP85
526 _aP77
526 _aP76
526 _aP35
630 _aBiblia y evolución.
630 _aBiblia.
_pA.T.
_PG énesis
_xCrítica, interpretación, etc.
650 0 4 _aCreación.
942 _2ddc
_cBOOK
949 _a231.765 C59
_wDEWEY
_c1
_i45309
_lCCODEBUL1
_mBUL
_p33.00
_r0
_sY
_tBOOK
_u2015-06-24
_xTEOLOGIA
_PP35
_0COMPRA
_o.STAFF. Colección Teología
949 _a231.765 C59
_wDEWEY
_c2
_i49950
_lCCODEBUL1
_mBUL
_p33.00
_r0
_sY
_tBOOK
_u2015-06-24
_xTEOLOGIA
_PP35
_0COMPRA
_o.STAFF. Colección Teología
596 _a1
999 _a231.765 C59
_wDEWEY
_c22168
_i45309
_f2021-11-9
_g5
_lCCODEBUL1
_mBUL
_p33.00
_r0
_sY
_tBOOK
_u2015-6-24
_xTEOLOGIA
_PP35
_0COMPRA
_o.STAFF. Colección Teología
_d22168
999 _a231.765 C59
_wDEWEY
_c2
_i49950
_f2021-11-9
_g5
_lCCODEBUL1
_mBUL
_p33.00
_r0
_sY
_tBOOK
_u2015-6-24
_xTEOLOGIA
_PP35
_0COMPRA
_o.STAFF. Colección Teología
980 _81
_gALBERTO SANCHEZ Responsable de Automatización